000 00669nam a22001817a 4500
003 UA-OsUOA
001 18156
007 ta
008 20040421b un ||||| |||| 00| 0 ukr d
100 _aБасараба В.
942 _cSA
040 _aUA-OsUOA
_cUA-OsUOA
_dUA-OsUOA
245 _aЛітература рідного краю
_b[Про п'ятий вип. літ.-мист. альманах "Погорина"та довідник "Літературна Рівненщина"]
300 _aС.7
955 _a0
773 0 _w0
_tВільне слово
_dРівне
_d2004
_g№27/7 квіт./
650 7 _aКраєзнавча робота
_2UDC
999 _c304326
_d304326